Cryptic Movie Stars Quiz - Statistics

General Stats
  • This quiz has been taken 14 times
  • The average score is 5 of 15
Answer Stats
Hint Answer % Correct
Who ya gonna call? Bill Murray
75%
Don’t talk about this guys film Brad Pitt
67%
Should he choose to accept Tom Cruise
58%
Who's talking to this guy? Robert De Niro
50%
"PEETA!" Jennifer Lawrence
50%
Who's gonna be back? Arnold Schwarzenegger
42%
This guy has some crazy little friends Al Pacino
25%
5 x 5 = No No Leonardo DiCaprio
25%
What would gentlemen rather have? Marilyn Monroe
25%
Sister Maggie Jake Gyllenhaal
17%
Vincent shouldn't do that Samuel L Jackson
17%
Eyes Clint Eastwood
8%
Mythical Crossbreeding Eddie Murphy
8%
The Jester borrowed his jacket James Dean
8%
"A former Miller Lite girl..." Margot Robbie
8%
No matching quizzes found
Score Distribution
Percent of People with Each Score
Percentile by Number Answered
Your Score History
You have not taken this quiz